Statistiken für Geographie Quiz - Multiple Choice #1

Klicken Sie hier um das Quiz zu spielen!

Allgemein

  • Dieses Quiz wurde 1.418 mal gespielt
    (1.392 seit der letzten Aktualisierung)
  • Das Durchschnittsergebnis liegt bei 9 aus 15

Antwortstatistiken

FrageAntwort% Korrekt
Wie wird die Ostsee auch genannt?Baltisches Meer
90%
An welchem Fluss liegt die Stadt Paris?Seine
83%
Welche der Inseln liegt nicht im Mittelmeer?Gran Canaria
82%
Wo liegt die San-Andreas-Spalte?Kalifornien
82%
Wie hoch ist der Mount Everest?8848m
72%
Welches Land hat keinen Zugang zum Meer?Bolivien
67%
Welcher ist der derzeit aktivste Vulkan in Mexico?Popocatepetl
63%
In welchen Namen wurde die Stadt "Kalkutta" 2001 umbenannt?Kolkata
56%
Wie nennt man die Meerenge zwischen Europa und Kleinasien?Bosporus
54%
Wie heißt die Hauptstadt von Nigeria?Abuja
53%
Welcher Staat gehört geografisch nicht zu Asien?Mali
53%
Welche Wüste gilt als die trockenste der Erde?Atacama-Wüste
48%
Wie heißt eine der nördlichsten Städte der Welt?Hammerfest
48%
Welches Land hat keinen Stern in seiner Flagge?die Malediven
40%
Wie viel Prozent der Erdoberfläche nimmt der Kontinent Afrika ein?5,9%
29%

Verteilung der Resultate

Perzentil nach korrekt beantworteten Fragen

Anzahl Personen mit jedem Resultat

Ihre Resultats-Entwicklung

Sie haben dieses Quiz seit der letzten Aktualisierung nicht gespielt